000 00390nam a2200145Ia 4500
005 20260328104331.0
008 260328s9999||||xx |||||||||||||| ||und||
100 _aAckerman, Gerald
245 4 _aThe Life And Work Of Jean -Léon Geróme :
_b With A Catalogue Raisonne /
_cGerald Ackerman
250 _a5a ed.
260 _bSotheby's
300 _a352 p.
650 _aARTE
942 _cBK
999 _c11709
_d11709